Demonios y genios comarcales en la Edad Media / (Record no. 15624)
[ view plain ]
| 000 -LEADER | |
|---|---|
| campo de control de longitud fija | 02767nam a2200349 i 4500 |
| 001 - NÚMERO DE CONTROL | |
| campo de control | 15624 |
| 003 - IDENTIFICADOR DE NÚMERO DE CONTROL | |
| campo de control | ES-MaACL |
| 005 - FECHA Y HORA DE LA ÚLTIMA TRANSACCIÓN | |
| campo de control | 20251013063042.0 |
| 007 - CAMPO FIJO DE DESCRIPCIÓN FÍSICA--INFORMACIÓN GENERAL | |
| campo de control de longitud fija | t| |
| 008 - DATOS DE LONGITUD FIJA--INFORMACIÓN GENERAL | |
| campo de control de longitud fija | 000406e1999 sp a |r 00110|spa |
| 017 ## - NÚMERO DE COPYRIGHT O DE DEPÓSITO LEGAL | |
| Número de copyright o de depósito legal | B 27455-1999 |
| Agencia que asigna | Oficina Depósito Legal Barcelona |
| 020 ## - NÚMERO INTERNACIONAL ESTÁNDAR DEL LIBRO | |
| Número Internacional Estándar del Libro | 8476517688 |
| 040 ## - FUENTE DE CATALOGACIÓN | |
| Centro/agencia transcriptor | ES-MaACL |
| 080 ## - NÚMERO DE LA CLASIFICACIÓN DECIMAL UNIVERSAL | |
| Número de la Clasificación Decimal Universal | 398.4(4)"4/14" |
| 100 1# - ENTRADA PRINCIPAL--NOMBRE DE PERSONA | |
| Nombre de persona | Lecouteux, Claude, |
| Fechas asociadas al nombre | 1943- |
| Término indicativo de función/relación | Autor |
| 9 (RLIN) | 71114 |
| 245 10 - MENCIÓN DEL TÍTULO | |
| Título | Demonios y genios comarcales en la Edad Media / |
| Mención de responsabilidad, etc. | Claude Lecouteux ; prefacio de Régis Boyer ; [traducción de Plácido de Prada] |
| 260 ## - PUBLICACIÓN, DISTRIBUCIÓN, ETC. | |
| Lugar de publicación, distribución, etc. | Palma de Mallorca : |
| Nombre del editor, distribuidor, etc. | José J. de Olañeta, |
| Fecha de publicación, distribución, etc. | [1999] |
| 300 ## - DESCRIPCIÓN FÍSICA | |
| Extensión | 195 páginas : |
| Otras características físicas | ilustraciones (color) ; |
| Dimensiones | 21 cm |
| 490 1# - MENCIÓN DE SERIE | |
| Mención de serie | Medievalia (Olañeta) ; |
| Designación de volumen o secuencia | 8 |
| 500 ## - NOTA GENERAL | |
| Nota general | Índice |
| 520 ## - RESUMEN, ETC. | |
| Sumario, etc. | En este fascinante estudio Lecouteux investiga las creencias existentes en la Edad Media -y que han sobrevivido en el medio rural- sobre los genios que habitan en cada lugar y que han dado pie a innumerables leyendas en toda Europa. Los genios del lugar formaban parte de los elementos reguladores de la vida de nuestros antepasados y -como dice el autor- nos han legado una ley esencial: el hombre debe vivir en simbiosis con la naturaleza que le rodea y tratarla como a un ser vivo. En el seno de una naturaleza salvaje, indomada, el hombre, expuesto a peligros invisibles, se ha sentido durante mucho tiempo como un intruso, un usurpador. Toda instalación, toda colonización, fue primero una conquista frente a una presencia primitiva y sobrenatural, casi siempre amenazadora: la de los demonios y genios del lugar. Escrutando las tradiciones populares, las sagas y los relatos, Lecouteux, eminente especialista en la Edad Media, descubre las huellas del miedo arcaico ante las criaturas sin nombre que frecuentan los espacios vírgenes. En el origen de numerosos ritos Lecouteux identifica la voluntad de conjurar peligros y terrores, de hacer propicio al genio y de organizar, en lugares precisos, su coexistencia con el hombre. Este libro notable arroja luz, así, sobre el papel primordial de los lugares en la elaboración de muchas creencias, y pone al descubierto la raíz de un antiguo respeto a la naturaleza que entronca con nuestras preocupaciones ecológicas más actuales |
| 534 ## - NOTA SOBRE LA VERSIÓN ORIGINAL | |
| Encabezamiento principal del original | Traducción de: Démons et génies du terroir au Moyen Age |
| 650 #7 - PUNTO DE ACCESO ADICIONAL DE MATERIA--TÉRMINO DE MATERIA | |
| Término de materia o nombre geográfico como elemento de entrada | Demonología |
| 9 (RLIN) | 11589 |
| Fuente del encabezamiento o término | embne |
| 700 1# - ENTRADA AGREGADA--NOMBRE PERSONAL | |
| Nombre de persona | Boyer, Régis, |
| Fechas asociadas al nombre | 1932- |
| Término indicativo de función/relación | Autor de introducción |
| 9 (RLIN) | 31188 |
| 700 1# - ENTRADA AGREGADA--NOMBRE PERSONAL | |
| Nombre de persona | Prada, Plácido de |
| Término indicativo de función/relación | Traductor |
| 9 (RLIN) | 241828 |
| 700 1# - ENTRADA AGREGADA--NOMBRE PERSONAL | |
| Nombre de persona | Olañeta, José J. de |
| Término indicativo de función/relación | Editor |
| 9 (RLIN) | 241829 |
| 830 #0 - PUNTO DE ACCESO ADICIONAL DE SERIE-TÍTULO UNIFORME | |
| Título uniforme | Medievalia (Olañeta) ; |
| Designación de volumen o secuencia | 8 |
| 9 (RLIN) | 179804 |
| 852 ## - LOCALIZACIÓN | |
| Ubicación | ES-MaACL |
| Ubicación en estantería | Depósito 2 |
| Número de control de estantería | L-22716 |
| Sublocalización o colección | R.128013 |
| itemnumber | 15989 |
| 942 ## - ELEMENTOS DE ENTRADA SECUNDARIOS (KOHA) | |
| Tipo de ítem Koha | Libro impreso |
| Suprimir en OPAC | No |
| Estatus retirado | Estado de pérdida | Estado de daño | No para préstamo | Biblioteca de origen | Biblioteca actual | Ubicación en estantería | Fecha de adquisición | Fuente de adquisición | Total de préstamos | Signatura topográfica completa | Código de barras | Visto por última vez | Precio de reemplazo | Tipo de ítem Koha |
|---|---|---|---|---|---|---|---|---|---|---|---|---|---|---|
| Biblioteca del Ateneo de Madrid | Biblioteca del Ateneo de Madrid | Depósito 2 | 17/01/2008 | L-22716 | 1015883 | 23/02/2023 | 23/02/2023 | Libro impreso |
